000 00447nam a22001697a 4500
999 _c525177
_d525177
003 NUST
038 _awaseem
082 _a891.4911
_bSHA
100 _aShahzad, Kalim
_915335
245 _aSonhari Jaliyan Wikha /
_cKalim Shahzad
260 _aLahore :
_bIPLAC,
_c1998.
300 _a128 p, ;
500 _aHardcover.
880 _6100-01\r
_aکلیم شہزاد
880 _6245-02\r
_aسنہری جالیاں وہکھاں /
942 _2ddc
_cBK